The Gettysburg addresses ; the story of two orations.

Bibliographic Details
Main Author: Petersen, Svend, 1911-
Other Authors: Everett, Edward, 1794-1865
Format: Book
Language:English
Published: New York : F. Ungar, [1963]
Subjects:

MARC

Tag First Indicator Second Indicator Subfields
LEADER 00000cam a2200000 4500
001 in00000720480
005 20151016062334.0
008 771227s1963 nyuach 00000 eng
010 |a  63018512  
035 |a (OCoLC)03519658 
035 |9 ADD4553AM 
040 |a DLC  |c OCP  |d TXA  |d UtOrBLW 
049 |a TXAM  |c [462546] 
050 0 |a E475.55  |b .P45 
082 0 |a 973.7349 
092 |a 973.7349  |b P484g 
100 1 |a Petersen, Svend,  |d 1911- 
245 1 4 |a The Gettysburg addresses ;  |b the story of two orations. 
264 1 |a New York :  |b F. Ungar,  |c [1963] 
264 4 |c [©1963] 
300 |a 172 pages :  |b illustrations, portraits, facsimiles ;  |c 21 cm. 
336 |a text  |b txt  |2 rdacontent 
337 |a unmediated  |b n  |2 rdamedia 
338 |a volume  |b nc  |2 rdacarrier 
500 |a "Everett's Gettysburg address": pages 95-165. 
600 1 0 |a Lincoln, Abraham,  |d 1809-1865.  |t Gettysburg address. 
700 1 |a Everett, Edward,  |d 1794-1865.  |t Oration delivered on the battlefield of Gettysburg. 
999 |a MARS 
999 f f |s c2b3bd64-0597-3e97-a82d-4a7419ef8124  |i d03ebf56-ee2a-3a84-baef-e710ff9a6dc9  |t 0 
952 f f |p ric  |a Texas A&M University  |b Rellis Campus  |c Joint Library Facility  |d Remote Storage  |t 0  |e E475.55 P45  |h Library of Congress classification  |i unmediated -- volume  |m A14801527735 
998 f f |a E475.55 P45  |t 0  |l Remote Storage